007980000a2200169000450000100060000002000180000604100080002408200190003210000180005124501480006926000720021730000120028950502390030133600270054033700330056733800280060012787 a9968-894-05-20 aSPA04aG 268.58 F335e1 aFennema, Jack10aEnseñando a la niñez en el Señor : Una pedagogía bíblica para profesores cristianos / Jack Fennema; Donal Herrera Terán, Traductor aCosta Rica : Confraternidad Latinoamericana de Iglesias Reformadas a289 Pag00a- Una visión bíblica del niño - ¿Qué se quiere dar a entender por disciplina? - La instrucción bíblica: disciplina preventiva - El escarmiento bíblico: disciplina correctiva - La consejería bíblica: el acto de sanar atextobtxt2rdacontent 2rdamediaasin mediaciónbn 2rdacarrieravolumenbnc